000 02615nam0a2200349 4500
001 RU\NLR\BIBL_A\016269463
005 20250625020817.0
010 _a978-5-361-01042-4
_950
021 _aRU
_b2022-90792
_9КН-П-8072
035 _a(RuMoRGB)011489653
035 _a(NLR Aleph) 016269463
090 _a12881327
_c12881327
100 _a20230125d2022 |||y0rusy50 ca
101 0 _arus
102 _aRU
105 _aa j 000zy
181 0 _ai
_baxxe
182 0 _an
200 1 _aХимия биологически активных веществ
_eучебное пособие для студентов направления подготовки 19.03.01 - Биотехнология
_fЖ. А. Сапронова
_gМинистерство науки и высшего образования Российской Федерации, Белгородский государственный технологический университет им. В. Г. Шухова
203 _aТекст
_bвизуальный
_cнепосредственный
210 _aБелгород
_cИзд-во БГТУ
_d2022
215 _a129 с.
_cил., табл.
_d21
320 _aБиблиогр.: с. 128-129 (16 назв.)
330 _aВ учебном пособии приведены сведения о важнейших биологически активных веществах, их химическом строении и особенностях, влиянию на организм человека, экологической и биологической роли. В пособии также описываются современные методы анализа органических веществ. Приводятся контрольные вопросы для самоподготовки студентов. Учебное пособие предназначено для студентов очной и заочной форм обучения направления подготовки 19.03.01 "Биотехнология". Данное издание публикуется в авторской редакции
606 1 _aБиологически активные вещества
_jУчебные издания для высших учебных заведений
_xБиохимия
_92592580
_3RU\NLR\AUTH\661532028
675 _a577.1(075.8)
_v4
686 1 _aЕ072.53я731
700 1 _aСапронова
_bЖ. А.
_gЖанна Ануаровна
942 _cBOOK
980 _aNB